| Tag |
First Indicator |
Second Indicator |
Subfields |
| LEADER |
00000cam a2200000 a 4500 |
| 001 |
in00000010014 |
| 005 |
20151006060015.0 |
| 008 |
870528s1987 txu 00010 eng d |
| 020 |
|
|
|a 0961835109
|
| 035 |
|
|
|a (OCoLC)15743992
|
| 035 |
|
|
|9 AAA2203AM
|
| 040 |
|
|
|a TXR
|c TXR
|d m/c
|d TXA
|d UtOrBLW
|
| 049 |
|
|
|a TXAM
|c 1 [A12567510], 2 [A12567560]
|
| 050 |
|
4 |
|a JK4871
|b .H75 1987
|
| 245 |
0 |
0 |
|a How the Texas Legislature works :
|b a citizen's handbook.
|
| 264 |
|
1 |
|a [Dallas] :
|b Texas Women's Commission Foundation,
|c [1987]
|
| 264 |
|
4 |
|c ©1987
|
| 300 |
|
|
|a 25 pages ;
|c 22 cm.
|
| 336 |
|
|
|a text
|b txt
|2 rdacontent
|
| 337 |
|
|
|a unmediated
|b n
|2 rdamedia
|
| 338 |
|
|
|a volume
|b nc
|2 rdacarrier
|
| 610 |
1 |
0 |
|a Texas.
|b Legislature
|x Handbooks, manuals, etc.
|
| 651 |
|
0 |
|a Texas
|x Politics and government
|x Handbooks, manuals, etc.
|
| 710 |
2 |
|
|a Texas Women's Commission Foundation.
|
| 999 |
|
|
|a MARS
|
| 999 |
f |
f |
|s 3de9867b-b4a3-32c3-8c2f-36ed16c8bb70
|i 626c1a80-3666-3ff5-adf7-e20425043f1c
|t 0
|
| 952 |
f |
f |
|p ric
|a Texas A&M University
|b Rellis Campus
|c Joint Library Facility
|d Remote Storage
|t 0
|e JK4871 .H75 1987
|h Library of Congress classification
|i unmediated -- volume
|m A14812567510
|
| 998 |
f |
f |
|a JK4871 .H75 1987
|t 0
|l Remote Storage
|